Statystyki dla Języki urzędowe tych krajów (Ameryka Pn)

Kliknij tutaj aby rozwiązać quiz!

Ogólne statystyki

  • Ten quiz został rozwiązany 34 razy
  • Średni wynik to 23 z 23

Statystyki odpowiedzi

PaństwoJęzyk% Poprawnych
KanadaAngielski / Francuski
100%
USAAngielski / Hiszpański / Francuski / Hawajski
100%
PanamaHiszpański
100%
NikaraguaHiszpański
100%
HondurasHiszpański
100%
SalwadorHiszpański
100%
GwatemalaHiszpański
100%
KubaHiszpański
100%
KostarykaHiszpański
100%
DominikanaHiszpański
100%
MeksykHiszpański / Indiański
100%
ST vincent i
grenedyny
Angielski
96%
DominikaAngielski
96%
GrenadaAngielski
96%
Antigua i barbudaAngielski
96%
BahamyAngielski
96%
ST kitts i nevisAngielski
96%
JamajkaAngielski
96%
BelizeAngielski
96%
Trynidad i tobagoAngielski
96%
BarbadosAngielski / Francuski
96%
ST luciaAngielski / Kreolski
96%
HaitiFrancuski / Haitański
92%

Rozkład punktacji

Percentyl według liczby udzielonych odpowiedzi

Procent ludzi z każdym wynikiem

Twoja historia wyników

Nie rozwiązałeś tego quizu